| 000 | 00545nam a2200229Ia 4500 | ||
|---|---|---|---|
| 003 | OSt | ||
| 005 | 20221005132057.0 | ||
| 006 | a|||||r|||| 00| 0 | ||
| 007 | ta | ||
| 008 | 221004b |||||||| |||| 00| 0 eng d | ||
| 024 | _a118000 | ||
| 037 | _cTextual | ||
| 040 |
_aCRL _cCRL _beng |
||
| 041 |
_2eng _aeng |
||
| 100 |
_aSingh J C _9640579 |
||
| 245 | 0 | _aText book of commerce | |
| 260 | _c1974 | ||
| 650 | _aMATHEMATICS | ||
| 700 |
_a Mugali V N _9640580 |
||
| 942 |
_cTEXL _2cc |
||
| 999 |
_c1062381 _d1062381 |
||